000 00816nam a2200241Ii 4500
003 JO-AjNU
008 230605s9999||||xx |||||||||||||| ||und||
017 _a2002/19118
020 _a977-345-219-0
040 _aJO-AjNU
_bara
_erda
_cJO-AjNU
041 _aara
050 1 4 _aHF5415.13 .H3242.2006
100 3 _aاعداد:عماد الحداد,
_eauthor
_932354
245 0 0 _aإدارة التسويق والمبيعات
250 _aط2
264 3 1 _aالقاهرة:دار الفاروق للنشر والتوزيع؛2006
300 _a96ص
_bيحتوي على ببلوغرافية من ص93-96ص
336 _atext
_btxt
_2rdacontent
337 _aunmediated
_bn
_2rdamedia
338 _avolume
_bnc
_2rdacarrier
490 0 _aكويك نوتس
650 4 _aالتسويق-ادارة مبيعات
_932355
999 _aA13051
_c16619
_d16619